IFM Opac

The economic constitution of federal states (Record no. 15921)

MARC details
000 -LEADER
fixed length control field 00331nam a22001337a 4500
020 ## - INTERNATIONAL STANDARD BOOK NUMBER
International Standard Book Number 0802054102
082 ## - DEWEY DECIMAL CLASSIFICATION NUMBER
Classification number 320.2 BRE
100 ## - MAIN ENTRY--PERSONAL NAME
Personal name Breton,Albert
245 ## - TITLE STATEMENT
Title The economic constitution of federal states
260 ## - PUBLICATION, DISTRIBUTION, ETC.
Place of publication, distribution, etc. london.
Name of publisher, distributor, etc. University of toronto
Date of publication, distribution, etc. 1978
300 ## - PHYSICAL DESCRIPTION
Extent 166p.
Other physical details 20c,.
500 ## - GENERAL NOTE
General note Including Index
942 ## - ADDED ENTRY ELEMENTS (KOHA)
Koha item type Books
Holdings
Withdrawn status Lost status Damaged status Not for loan Home library Current library Shelving location Date acquired Total Checkouts Full call number Date last seen Price effective from Koha item type Barcode
        IFM Main Campus Library IFM Main Campus Library Stack Collection 04/18/2016   320.2 BRE 04/18/2016 04/18/2016 Books  
Withdrawn       IFM Main Campus Library IFM Main Campus Library Archival Collection 08/27/2019   320.2 BRE 08/27/2019 08/27/2019 Books 0000015537